• 首页
  • 本馆介绍
  • 公告通知
  • 最新文献
  • 馆藏检索
  • 电子资源
  • 读者荐购
  • 参考咨询
  • CALIS
  • 我的图书馆
  • 登录
  • 详细信息显示
  • 放入我的书架
  • 预约/预借图书
  • 作者相关作品
  • 分类相关作品
  • 丛书相关作品
  • 出版社相关作品

书目信息

  • 表格格式
  • 工作单格式
  • 卡片格式
题名:
对外开放度对我国利率变动及政策效应的影响研究
    
 
作者: 罗书嵘 著
分册:  
出版信息: 广州   暨南大学出版社  2023.12
页数: 204页
开本: 25cm
丛书名:
单 册:
中图分类: F832.22
科图分类:
主题词: 对外开放--影响--利率--政策效应--研究--中国
电子资源:
ISBN: 978-7-5668-3814-8
 
 
 
 
 
000 01189nam0 2200229 450
001 012751706
005 20251022183720.44
010    @a978-7-5668-3814-8@dCNY59.80
100    @a20240118d2023 em y0chiy0120 ea
101 0  @achi
102    @aCN@b440000
105    @aa z 000yy
106    @ar
200 1  @a对外开放度对我国利率变动及政策效应的影响研究@9dui wai kai fang du dui wo guo li lv bian dong ji zheng ce xiao ying de ying xiang yan jiu@f罗书嵘著
210    @a广州@c暨南大学出版社@d2023.12
215    @a204页@c图@d25cm
330    @a本书稿利用主成分分析法,根据当前中国国情以及经济对外开放特征,从国际商品贸易、国际投资、国际金融、国际服务贸易四个方面测算了1980-2018年中国对外开放度。本书稿基于修正后的蒙代尔-弗莱明理论模型,采用AS-IS-LM 模型分析框架来探讨对外开放度与利率变动及政策效应之间的关系,并将对外开放度指标引入到实证模型中,检验对外开放度对中国利率变动及政策效应的影响。同时,本书还分析了金融开放对中国利率政策目标制选择的影响,进而探讨了金融开放是否应纳入利率政策目标。
606 0  @a对外开放@x影响@x利率@x政策效应@x研究@y中国
690    @aF832.22@v5
701  0 @a罗书嵘@9luo shu rong@4著
801  0 @aCN@c20250910
905    @a河南城建学院图书馆@dF832.2@eL955@ZL955@f1
    
    对外开放度对我国利率变动及政策效应的影响研究/罗书嵘著.-广州:暨南大学出版社,2023.12
    204页:图;25cm
    
    
    ISBN 978-7-5668-3814-8:CNY59.80
    本书稿利用主成分分析法,根据当前中国国情以及经济对外开放特征,从国际商品贸易、国际投资、国际金融、国际服务贸易四个方面测算了1980-2018年中国对外开放度。本书稿基于修正后的蒙代尔-弗莱明理论模型,采用AS-IS-LM 模型分析框架来探讨对外开放度与利率变动及政策效应之间的关系,并将对外开放度指标引入到实证模型中,检验对外开放度对中国利率变动及政策效应的影响。同时,本书还分析了金融开放对中国利率政策目标制选择的影响,进而探讨了金融开放是否应纳入利率政策目标。
●
相关链接 在E读中查询图书 在当当中查询图书 在豆瓣中查询图书


正题名:对外开放度对我国利率变动及政策效应的影响     索取号:F832.2/L955         预约/预借

序号 登录号 条形码 馆藏地/架位号 状态 备注
1 1634773   216347736   社科库409/409社科库 54排2列2层/ [索取号:F832.2/L955] 在馆    
河南城建学院图书馆 欢迎您!
大连网信软件有限公司© 版权所有